000 00360nam a22001337a 4500
082 _a953.6
_bKHA
_cL-30-11, P-68
100 _aKhan, Shahid A.
_946375
245 _aThe persian gulf and the balance of power
_cMajor Shahid A. Khan
260 _c1982
300 _a118.p:
526 _a0
_b0
_c0
_d953_600000000000000_KHA
650 _aMCE
_9379
942 _2ddc
_cBK
999 _c549724
_d549724